000 00538nam a2200193Ia 4500
003 GCL
008 140319s9999 xx 000 0 ara d
040 _aGCL /
_cGCL
082 0 4 _a823
_bك ت
100 1 _aتوفيق الاسدى
245 1 0 _aتحت انظار غربية /
_cتوفيق الاسدى
700 1 _aكزنداد, جوزيف
300 _a503 ص
490 _aروايات عالمية
_v0
650 0 4 _aالادب الانجليزى
650 0 4 _aالقصص
650 0 4 _aالقصر العينى
942 _2ddc
_cBK
999 _c43928
_d43928